[Event "VIE Cup"]
[Site "Hanoi"]
[Date "2021.??.??"]
[Round "3"]
[White "Bui, Tran Minh Khang"]
[Black "Do, Thien Nhan"]
[Result "1/2-1/2"]
[WhiteElo "1331"]
[BlackElo "2425"]
[PlyCount "79"]
[EventDate "2021.05.03"]
[EventType "swiss"]
[EventRounds "9"]
[EventCountry "VIE"]
[SourceTitle "EXT 2022"]
[Source "ChessBase"]
[SourceDate "2021.10.06"]
[SourceVersion "1"]
[SourceVersionDate "2021.10.06"]
[SourceQuality "1"]

1. Nf3 Nf6 2. g3 d5 3. Bg2 c5 4. 0-0 e6 5. e3 Nc6 6. d4 Be7 7. c4 dxc4 8. Qa4 0-0 9. Qxc4 cxd4 10. exd4 Qb6 11. Nc3 Rd8 12. Rd1 Qb4 13. Qxb4 Bxb4 14. Bg5 h6 15. Bxf6 gxf6 16. d5 Bxc3 17. dxc6 Ba5 18. Rxd8+ Bxd8 19. Rd1 Bb6 20. Nd4 Rb8 21. b3 a5 22. Nb5 bxc6 23. Bxc6 Ba6 24. a4 Bxb5 25. axb5 Rd8 26. Rxd8+ Bxd8 27. Kf1 Kf8 28. Ke2 Ke7 29. Kd3 Kd6 30. Kc4 f5 31. f3 Bb6 32. b4 axb4 33. Kxb4 Bg1 34. h3 e5 35. Ka5 Kc7 36. Be8 f6 37. Kb4 Bf2 38. g4 fxg4 39. hxg4 Bb6 40. Kc4 1/2-1/2